000 00522nam a2200205Ia 4500
005 20250326144409.0
008 250326s9999 xx 000 0 und d
020 _a9780070152670
037 _aTextbook
040 _aFMSL
_beng
_cFMSL
041 _aeng
_2eng
084 _aX:72 P8
_qFMSL
245 0 _aManaging difficult people
260 _aBoston
_bBoston, HBR
_c2008
300 _a175p
365 _b628.98149999999998
650 _aManagement
942 _cTB
_hX:72 P8
999 _c1303562
_d1303562